000 01346cam a22003494a 4500
001 12295692
003 OSt
005 20160610145922.0
008 010131s2001 vaua b 001 0 eng
010 _a 2001000694
020 _a9780871205094
040 _aDLC
_cDLC
_dDLC
042 _apcc
043 _an-us---
050 0 0 _aLB 3060.83
_b.C37 2001
082 0 0 _aGLT 379.1580973
_bC23 2001
100 1 _aCarr, Judy F.
_922680
245 1 0 _aSucceeding with standards :
_blinking curriculum, assessment, and action planning /
_cJudy F. Carr and Douglas E. Harris.
260 _aAlexandria, Va. :
_bAssociation for Supervision and Curriculum Development,
_cc2001.
300 _a204 p. :
_bill. ;
_c23 cm.
504 _aIncludes bibliographical references (p. 190-193) and index.
562 _e1
650 0 _aEducation
_xStandards
_zUnited States.
_922681
650 0 _aCurriculum planning
_zUnited States.
_922682
650 0 _aEducational tests and measurements
_zUnited States.
_922683
700 1 _aHarris, Douglas E.
_922684
906 _a7
_bcbc
_corignew
_d1
_eecip
_f20
_gy-gencatlg
942 _2lcc
_cBK
999 _c12608
_d12608